Αριθμοδείκτες στον τουρισμό : [μεταπτυχιακή εργασία]

Αποθηκεύτηκε σε:
Λεπτομέρειες βιβλιογραφικής εγγραφής
Κύριος συγγραφέας: Κώνστας-Μαστρογιάννης, Κωνσταντίνος
Συγγραφή απο Οργανισμό/Αρχή: Πανεπιστήμιο Αιγαίου Σχολή Επιστημών της Διοίκησης Τμήμα Διοίκησης Επιχειρήσεων Πρόγραμμα Μεταπτυχιακών Σπουδών "Σχεδιασμός, Διοίκηση και Πολιτική του Τουρισμού"
Άλλοι συγγραφείς: Ντουμή, Μαρία Π. (Εισηγητής διατριβής)
Μορφή: Thesis Βιβλίο
Γλώσσα:Greek
Δημοσίευση: 2012
Θέματα:
Διαθέσιμο Online:http://hdl.handle.net/11610/11395
Ετικέτες: Προσθήκη ετικέτας
Δεν υπάρχουν, Καταχωρήστε ετικέτα πρώτοι!

MARC

LEADER 00000cam a2200000 i 4500
001 1/40843
008 140127s2012 gre d
035 |l 10116462 
040 |a GR-MY-UA  |b gre  |e aacr 
041 0 |a gre 
082 0 |a 338.4791  |2 (22) 
100 1 |a Κώνστας-Μαστρογιάννης, Κωνσταντίνος. 
245 1 0 |a Αριθμοδείκτες στον τουρισμό :  |b [μεταπτυχιακή εργασία] /  |c Κώνστας - Μαστρογιάννης Κωνσταντίνος ; επιβλέπουσα: Ντουμή Μαρία 
260 |c 2012 
300 |a 90 σ.;  |b πίν., διαγρ.;  |c 30 εκ. 
502 # # |a Διατριβή (μεταπτυχιακή) – Πανεπιστήμιο Αιγαίου, Χίος, 2012. 
504 |a Περιλαμβάνει βιβλιογραφία 
650 0 0 |a Tourism. 
650 0 0 |a Hospitality industry  |x Economic aspects. 
650 0 0 |a Ratio and proportion. 
650 0 0 |a Financial statements. 
650 0 0 |a Dissertations, Academic  |z Greece. 
700 1 |4 ths  |a Ντουμή, Μαρία Π. 
710 2 |a Πανεπιστήμιο Αιγαίου  |b Σχολή Επιστημών της Διοίκησης  |b Τμήμα Διοίκησης Επιχειρήσεων  |b Πρόγραμμα Μεταπτυχιακών Σπουδών "Σχεδιασμός, Διοίκηση και Πολιτική του Τουρισμού". 
852 |a INST  |b CHIOS  |c DIATR  |e 20140127  |h 338.4791 ΚΩΝ  |p 005200035023  |q 005200035023  |t MTXE  |y 23 
852 |a INST  |b CHIOS  |c DIATR  |e 20140127  |h 338.4791 ΚΩΝ  |p 005200035024  |q 005200035024  |t MTXE  |y 23 
856 |u http://hdl.handle.net/11610/11395 
901 |a BIBL2-2014-1 
909 |a Χ  |b 175942 
909 |a Χ  |b 175943 
924 |a ΚΩΝΣΤΑΣ - ΜΑΣΤΡΟΓΙΑΝΝΑΚΗΣ  |b ΚΩΝΣΤΑΝΤΙΝΟΣ  |y ΧΙΟΣ  |z 2012-12 
970 |a ΠΑΡΟΙΚΑΚΗ  |b ΒΑΣΙΛΙΚΗ  |z 2014/01/27